MARC details
| 000 -LEADER |
| campo de control de longitud fija |
01467nkm a22002657a 4500 |
| 001 - NÚMERO DE CONTROL |
| campo de control |
85832 |
| 005 - FECHA Y HORA DE LA ÚLTIMA TRANSACCIÓN |
| campo de control |
20260429095145.0 |
| 007 - CAMPO FIJO DE DESCRIPCIÓN FÍSICA--INFORMACIÓN GENERAL |
| campo de control de longitud fija |
kh bo |
| 008 - DATOS DE LONGITUD FIJA--INFORMACIÓN GENERAL |
| campo de control de longitud fija |
260421s19601970sp ||||| |||| |0| i|spa d |
| 040 ## - FUENTE DE CATALOGACIÓN |
| Centro catalogador/agencia de origen |
M-RABA |
| Lengua de catalogación |
spa |
| Centro/agencia transcriptor |
M-RABA |
| 100 1# - ENTRADA PRINCIPAL--NOMBRE DE PERSONA |
| Nombre de persona |
Domínguez Ramos |
| 9 (RLIN) |
111681 |
| 245 11 - MENCIÓN DEL TÍTULO |
| Título |
[Grabado |
| Resto del título |
: paisaje por Jean Baptista Collignon] |
| Mención de responsabilidad, etc. |
/ Dominguez Ramos |
| Medio |
[Material gráfico] |
| 260 ## - PUBLICACIÓN, DISTRIBUCIÓN, ETC. |
| Lugar de publicación, distribución, etc. |
Madrid |
| Nombre del editor, distribuidor, etc. |
: Dominguez Ramos |
| Fecha de publicación, distribución, etc. |
, [1960-1970] |
| 300 ## - DESCRIPCIÓN FÍSICA |
| Extensión |
1 fotografía |
| Otras características físicas |
: reproducción fotomecánica |
| Dimensiones |
; 18,5 x 25 cm |
| 500 00 - NOTA GENERAL |
| Nota general |
Fotografía que representa uno de los grabados de Jean Baptiste Collignon, diseñado por Stefano della Bella (vista de población con puente, palafito y tres embarcaciones). El grabado original conservado actualmente en las colecciones de la Real Academia con el número de inventario: GR-2173<br/> |
| 500 00 - NOTA GENERAL |
| Nota general |
Sello a tinta del estudio fotográfico en el verso de la imagen: "Dominguez Ramos, Archivo de Arte Color. Guzmán el Bueno, 37. Madrid-15". |
| 500 00 - NOTA GENERAL |
| Nota general |
Fecha tomada de los años en activo del taller fotográfico. |
| 600 17 - PUNTO DE ACCESO ADICIONAL DE MATERIA--NOMBRE DE PERSONA |
| Nombre de persona |
Collignon, Jean Baptiste |
| 9 (RLIN) |
21204 |
| 600 17 - PUNTO DE ACCESO ADICIONAL DE MATERIA--NOMBRE DE PERSONA |
| Nombre de persona |
Della Bella, Stefano |
| 9 (RLIN) |
17088 |
| 610 24 - PUNTO DE ACCESO ADICIONAL DE MATERIA--NOMBRE DE ENTIDAD CORPORATIVA |
| Nombre de entidad corporativa o nombre de jurisdicción como elemento de entrada |
Real Academia de Bellas Artes de San Fernando. |
| 9 (RLIN) |
75832 |
| 655 #7 - TERMINO DE INDIZACIÓN--GENERO/FORMA |
| Datos o término principal de género/forma |
Fotografías de obras de arte |
| 9 (RLIN) |
75675 |
| 852 ## - LOCALIZACIÓN |
| Número de control de estantería |
Fot-756 |
| 856 ## - LOCALIZACIÓN Y ACCESO ELECTRÓNICOS |
| Identificador Uniforme de Recurso |
<a href="https://archivoybiblioteca.realacademiabellasartessanfernando.com/cgi-bin/koha/opac-retrieve-file.pl?id=2b68bcd635f555585c1cf07ae0c6d1a7">https://archivoybiblioteca.realacademiabellasartessanfernando.com/cgi-bin/koha/opac-retrieve-file.pl?id=2b68bcd635f555585c1cf07ae0c6d1a7</a> |
| Texto de enlace |
Fot-756 |
| 942 ## - ELEMENTOS DE ENTRADA SECUNDARIOS (KOHA) |
| Tipo de ítem Koha |
Fotografías |
| Suprimir en OPAC |
No |